000 00691nam a2200193 i 4500
001 61194
003 ES-MaACL
005 20230906164408.0
007 t|
008 031111s1982 sp ||||1| spa d
110 1 _aAsturias (Comunidad Autónoma)
_91834
240 1 0 _aEstatuto de Autonomía, 1981
245 1 0 _aEstatuto de Autonomía para Asturias
_b: [Ley Orgánica 7/1981, de 30 de diciembre].
260 _a[Madrid :
_bPresidencia del Gobierno, Servicio Central de Publicaciones,
_c1982]
300 _a25 p. ;
_c21 cm.
710 1 _aEspaña.
_tEstatuto de autonomía de Asturias, 1981.
_9172529
710 1 _aEspaña.
_bPresidencia del Gobierno.
_93951
852 _aES-MaACL
_j2127-F-16
999 _c61194
_d61194